[Event "Campeonato Navarro Absoluto Individual Fase Final"]
[Site "Residencia Fuerte del Príncipe"]
[Date "2016.03.05"]
[Round "1"]
[Board "1"]
[White "Ortega Lopez, Mikel"]
[Black "Martinez Zazo, Jesus"]
[Result "1-0"]
[WhiteElo "2332"]
[BlackElo "1783"]
[PlyCount "51"]
[EventDate "2016.03.05"]
[EventRounds "8"]
[EventCountry "ESP"]

1. e4 g6 2. d4 c5 3. Nf3 Bg7 4. Nc3 cxd4 5. Nxd4 Nc6 6. Be3 Nf6 7. Bc4 O-O 8.
Bb3 a6 9. f3 Na5 10. Qd2 Nxb3 11. Nxb3 b5 12. h4 d6 13. O-O-O Be6 14. Kb1 Bxb3
15. cxb3 b4 16. Na4 a5 17. g4 Nd7 18. h5 Ne5 19. Rh3 Rc8 20. Bd4 e6 21. Nb6 Rb8
22. Nc4 Nxc4 23. bxc4 e5 24. Be3 Qf6 25. hxg6 fxg6 26. Qd5+ 1-0

[Event "Campeonato Navarro Absoluto Individual Fase Final"]
[Site "Residencia Fuerte del Príncipe"]
[Date "2016.03.05"]
[Round "1"]
[Board "2"]
[White "Zuniga Arraras, Marina"]
[Black "Jimenez Almeida, Luis David"]
[Result "1/2-1/2"]
[WhiteElo "1780"]
[BlackElo "2179"]
[PlyCount "147"]
[EventDate "2016.03.05"]
[EventRounds "8"]
[EventCountry "ESP"]

1. d4 d6 2. Nf3 g6 3. e3 Bg7 4. Bd3 Nd7 5. c4 c5 6. Nc3 Ngf6 7. O-O O-O 8. b3
b6 9. Bb2 Bb7 10. Qe2 e5 11. d5 Nh5 12. Bc2 f5 13. e4 f4 14. Nb5 Nb8 15. Bd1 a6
16. Nc3 Bc8 17. Ne1 Qh4 18. Nf3 Qe7 19. Na4 Nd7 20. Ne1 Nhf6 21. Nf3 h6 22. h3
g5 23. Nh2 h5 24. Qd3 Rb8 25. Nc3 Rf7 26. Bf3 Nf8 27. Qd1 h4 28. Qe2 Qd8 29.
Rfb1 Bd7 30. a4 Qc8 31. Bc1 Bh6 32. Bd2 Ng6 33. Be1 Ne7 34. Ra2 Kf8 35. Rab2 a5
36. Nb5 Ne8 37. Bh5 Rf6 38. Ng4 Bxg4 39. Bxg4 Qd8 40. Qf3 Nc7 41. Nxc7 Qxc7 42.
Bc3 Bg7 43. Rd1 Ng8 44. Rd3 Rh6 45. Rbd2 Rd8 46. Rd1 Qe7 47. Re1 Nf6 48. Ba1
Ne8 49. Bb2 Nc7 50. Ba1 Na6 51. Bc3 Kf7 52. Be6+ Ke8 53. Bg4 Qf6 54. Red1 Ke7
55. Re1 Rg8 56. Be6 Rgh8 57. Bg4 Bf8 58. Red1 Nc7 59. Re1 Ne8 60. Red1 Qf7 61.
Re1 Kd8 62. Ba1 Nf6 63. Bc3 R6h7 64. Ba1 Rg7 65. Bb2 Nxg4 66. Qxg4 Qd7 67. f3
Qxg4 68. fxg4 Rf7 69. Rf3 Kc8 70. Ba1 Ra7 71. Rc1 Be7 72. Kf1 Bf8 73. Kg1 Be7
74. Kf1 1/2-1/2

[Event "Campeonato Navarro Absoluto Individual Fase Final"]
[Site "Residencia Fuerte del Príncipe"]
[Date "2016.03.05"]
[Round "1"]
[Board "3"]
[White "Roldan Marques, Daniel"]
[Black "Martinez Bernardo, Aitor"]
[Result "1-0"]
[WhiteElo "2168"]
[BlackElo "1763"]
[PlyCount "43"]
[EventDate "2016.03.05"]
[EventRounds "8"]
[EventCountry "ESP"]

1. d4 d5 2. Nf3 Nf6 3. c4 dxc4 4. e3 e6 5. Bxc4 Be7 6. O-O O-O 7. Nc3 c5 8. Bd3
Nc6 9. a3 a6 10. Bc2 cxd4 11. exd4 b5 12. Qd3 Bb7 13. Bg5 g6 14. Ne2 Nd5 15. h4
Rc8 16. Rac1 Bf6 17. Bh6 Bg7 18. Bxg7 Kxg7 19. Ng5 Nf6 20. Rfd1 Ne7 21. Nf4
Ned5 22. Nfxe6+ 1-0

[Event "Campeonato Navarro Absoluto Individual Fase Final"]
[Site "Residencia Fuerte del Príncipe"]
[Date "2016.03.05"]
[Round "1"]
[Board "4"]
[White "Arana Oloron, Roberto"]
[Black "Urriza Iricibar, Pablo"]
[Result "0-1"]
[WhiteElo "1743"]
[BlackElo "2149"]
[PlyCount "82"]
[EventDate "2016.03.05"]
[EventRounds "8"]
[EventCountry "ESP"]

1. e4 e6 2. d4 d5 3. Nc3 Bb4 4. e5 c5 5. a3 Bxc3+ 6. bxc3 Qa5 7. Bd2 Qa4 8. Nf3
Nc6 9. Qb1 c4 10. Be2 b6 11. h4 Bd7 12. h5 h6 13. Nh4 Nge7 14. g4 O-O-O 15. f4
g6 16. hxg6 fxg6 17. Be3 Rdg8 18. Kd2 Kc7 19. Qf1 Qa5 20. Qf3 Rf8 21. Qg3 a6
22. Rhf1 Na7 23. f5 Nb5 24. Bg1 g5 25. Ng2 exf5 26. a4 f4 27. Qf3 Na7 28. Rfb1
h5 29. Bxc4 Bxg4 30. Qf1 dxc4 31. Qxc4+ Nac6 32. Ne1 Rh6 33. Nd3 Be6 34. d5
Bxd5 35. Bxb6+ Qxb6 36. Rxb6 Bxc4 37. Rab1 Rb8 38. a5 Bxd3 39. cxd3 Rxb6 40.
axb6+ Kb7 41. d4 Na5 0-1

[Event "Campeonato Navarro Absoluto Individual Fase Final"]
[Site "Residencia Fuerte del Príncipe"]
[Date "2016.03.05"]
[Round "1"]
[Board "5"]
[White "Leranoz Zabalza, Adrian"]
[Black "Zaratiegui Cardesa, Jose"]
[Result "1-0"]
[WhiteElo "2066"]
[BlackElo "1740"]
[PlyCount "91"]
[EventDate "2016.03.05"]
[EventRounds "8"]
[EventCountry "ESP"]

1. c4 Nf6 2. Nc3 g6 3. g3 Bg7 4. Bg2 O-O 5. e3 d6 6. Nge2 c5 7. O-O Nc6 8. a3
a6 9. Rb1 Rb8 10. b4 Bf5 11. d3 Qd7 12. Qc2 Ne5 13. e4 Bh3 14. Nd5 Nxd5 15.
cxd5 cxb4 16. Rxb4 Bxg2 17. Kxg2 Rfc8 18. Qd1 b5 19. a4 Qg4 20. f3 Qd7 21. f4
Ng4 22. h3 Nh6 23. Be3 e6 24. dxe6 fxe6 25. Nd4 d5 26. axb5 Bxd4 27. Bxd4 dxe4
28. dxe4 a5 29. Ra4 Rxb5 30. Qe1 Rc2+ 31. Rf2 Rxf2+ 32. Kxf2 Nf7 33. Ba1 Nd6
34. Qc3 e5 35. Kg2 Qb7 36. fxe5 Rb4 37. Rxb4 axb4 38. Qb3+ Nf7 39. Qd5 Qa6 40.
Bd4 Qe2+ 41. Bf2 Kg7 42. e6 Ng5 43. Qxg5 Qxe4+ 44. Kh2 Qxe6 45. Bd4+ Kf7 46.
Qe3 1-0

[Event "Campeonato Navarro Absoluto Individual Fase Final"]
[Site "Residencia Fuerte del Príncipe"]
[Date "2016.03.05"]
[Round "1"]
[Board "6"]
[White "Garisoain Ardanaz, Alvaro"]
[Black "Vinal Gutierrez, Pedro"]
[Result "0-1"]
[WhiteElo "1739"]
[BlackElo "2049"]
[PlyCount "94"]
[EventDate "2016.03.05"]
[EventRounds "8"]
[EventCountry "ESP"]

1. Nf3 d5 2. c4 e6 3. e3 c6 4. Nc3 Bd6 5. Be2 Nd7 6. O-O Ngf6 7. b3 O-O 8. Bb2
Qe7 9. Qc2 Ne5 10. h3 Nxf3+ 11. Bxf3 dxc4 12. bxc4 e5 13. e4 Be6 14. Ne2 Nd7
15. Ng3 Bc5 16. Rae1 Qf6 17. Nf5 g6 18. Nh6+ Kg7 19. Ng4 Bxg4 20. Bxg4 Rad8 21.
Kh1 Qd6 22. f4 Bd4 23. f5 Nf6 24. Rd1 h5 25. Bf3 g5 26. g4 hxg4 27. hxg4 Rh8+
28. Kg2 Rh4 29. Rh1 Rdh8 30. Rxh4 Rxh4 31. Rh1 Rxh1 32. Kxh1 Nd7 33. Qc1 Nc5
34. Ba3 Qh6+ 35. Kg2 Nd3 36. Bf8+ Kxf8 37. Qa3+ Nc5 38. Qxa7 Qh4 39. Qb8+ Kg7
40. f6+ Kh7 41. Qf8 Qf2+ 42. Kh3 Qxf3+ 43. Kh2 Qf2+ 44. Kh3 Qh4+ 45. Kg2 Qxg4+
46. Kh2 Qf4+ 47. Kh3 Qxf6 0-1

[Event "Campeonato Navarro Absoluto Individual Fase Final"]
[Site "Residencia Fuerte del Príncipe"]
[Date "2016.03.05"]
[Round "1"]
[Board "7"]
[White "Ortin Blanco, Inigo"]
[Black "Alfaro Pinero, Asier"]
[Result "1-0"]
[WhiteElo "2047"]
[BlackElo "1708"]
[PlyCount "65"]
[EventDate "2016.03.05"]
[EventRounds "8"]
[EventCountry "ESP"]

1. d4 d5 2. c4 e6 3. Nc3 c6 4. cxd5 exd5 5. Qc2 Bd6 6. Nf3 Ne7 7. e3 Bf5 8. Bd3
Bxd3 9. Qxd3 Nd7 10. O-O O-O 11. Rb1 a5 12. b3 Re8 13. a3 Ng6 14. b4 axb4 15.
axb4 b5 16. e4 dxe4 17. Nxe4 Bc7 18. Qc2 Nf6 19. Bg5 Rxe4 20. Bxf6 Qd5 21. Bg5
h6 22. Be3 Nh4 23. Nxh4 Rxh4 24. g3 Rh3 25. Rfc1 Ra6 26. Ra1 Rxa1 27. Rxa1 g6
28. Qc5 Qd7 29. Ra8+ Kg7 30. d5 Rh5 31. Bd4+ Be5 32. Qf8+ Kf6 33. Qh8+ 1-0

[Event "Campeonato Navarro Absoluto Individual Fase Final"]
[Site "Residencia Fuerte del Príncipe"]
[Date "2016.03.05"]
[Round "1"]
[Board "8"]
[White "Ochoa Aldaz, Mikel"]
[Black "Ortin Blanco, Ainhoa"]
[Result "0-1"]
[WhiteElo "1704"]
[BlackElo "2010"]
[PlyCount "106"]
[EventDate "2016.03.05"]
[EventRounds "8"]
[EventCountry "ESP"]

1. e4 c5 2. Nf3 Nc6 3. d4 cxd4 4. Nxd4 e5 5. Nb5 d6 6. N1c3 a6 7. Na3 b5 8. Nd5
Nce7 9. c4 Nxd5 10. exd5 bxc4 11. Nxc4 Be7 12. Bd2 a5 13. Be2 f5 14. O-O Nf6
15. Bg5 O-O 16. Rc1 Bb7 17. Bxf6 Bxf6 18. g3 Bg5 19. Rc3 e4 20. Re1 f4 21. Bg4
Qf6 22. Be6+ Kh8 23. Nxd6 fxg3 24. fxg3 Qf2+ 25. Kh1 Ba6 26. Nxe4 Qxb2 27. Rc2
Qe5 28. Nc5 Be3 29. Nxa6 Qe4+ 30. Rg2 Rf2 31. Bh3 Rxa6 32. Rxe3 Qxe3 33. Rxf2
Qxf2 34. Qf1 Rf6 35. Qxf2 Rxf2 36. a4 Rd2 37. Be6 g6 38. Kg1 Kg7 39. h3 Rd4 40.
Bd7 Rxd5 41. Bb5 Rd2 42. Kf1 Ra2 43. Ke1 Kf6 44. Kf1 Ke5 45. Bc6 Kd4 46. h4 Ke3
47. Kg1 Rc2 48. Bd5 Rd2 49. Bc6 Kd4 50. Bb5 Ke4 51. Bc6+ Kf5 52. Bf3 Ra2 53.
Bc6 Kg4 0-1

[Event "Campeonato Navarro Absoluto Individual Fase Final"]
[Site "Residencia Fuerte del Príncipe"]
[Date "2016.03.05"]
[Round "1"]
[Board "9"]
[White "Cinza Lopez, Javier"]
[Black "Laseca Arana, Irati"]
[Result "0-1"]
[WhiteElo "1980"]
[BlackElo "1700"]
[PlyCount "112"]
[EventDate "2016.03.05"]
[EventRounds "8"]
[EventCountry "ESP"]

1. g3 d5 2. Bg2 Nc6 3. d4 Bf5 4. Nf3 Nf6 5. O-O e6 6. c4 dxc4 7. a4 Nd5 8. Re1
Bxb1 9. Rxb1 c3 10. e4 Ncb4 11. Bg5 c2 12. Qd2 cxb1=N 13. Rxb1 Nf6 14. e5 Ne4
15. Qe3 Nxg5 16. Nxg5 Nd5 17. Qd2 Be7 18. Ne4 O-O 19. h4 Rc8 20. b4 f5 21. exf6
Bxf6 22. Nc5 Qe8 23. Re1 Ne7 24. Bxb7 Rb8 25. Bg2 c6 26. Nxe6 Rf7 27. Bh3 Qd7
28. Re4 Qd6 29. Nc5 Kh8 30. Be6 Rff8 31. h5 Nd5 32. h6 Rbe8 33. hxg7+ Bxg7 34.
Bxd5 Qxd5 35. Rh4 Qf5 36. b5 cxb5 37. axb5 Qb1+ 38. Kg2 Re1 39. Rf4 Rg1+ 40.
Kh3 Rh1+ 41. Kg4 Qd1+ 42. Qxd1 Rxf4+ 43. Kxf4 Rxd1 44. Ne6 Bxd4 45. f3 Bb6 46.
Ke5 Rb1 47. f4 Rxb5+ 48. Kd6 Rb3 49. g4 Be3 50. f5 Kg8 51. Ke5 Rb6 52. Nc7 Bg5
53. Ne8 a5 54. f6 Bxf6+ 55. Nxf6+ Rxf6 56. Kxf6 a4 0-1

[Event "Campeonato Navarro Absoluto Individual Fase Final"]
[Site "Residencia Fuerte del Príncipe"]
[Date "2016.03.05"]
[Round "1"]
[Board "10"]
[White "Huarte Zozaya, Aitor"]
[Black "Argaya Urdaniz, Miguel"]
[Result "1-0"]
[WhiteElo "1692"]
[BlackElo "1976"]
[PlyCount "81"]
[EventDate "2016.03.05"]
[EventRounds "8"]
[EventCountry "ESP"]

1. e4 d5 2. exd5 Nf6 3. d4 Bg4 4. Nf3 Qxd5 5. Be2 e6 6. Nc3 Bb4 7. O-O Bxc3 8.
bxc3 Nc6 9. Bf4 O-O-O 10. c4 Qf5 11. Be3 h5 12. c3 Kb8 13. Rb1 Ka8 14. Rb5 Qe4
15. h3 Qh7 16. Qb3 a6 17. Qa4 Na7 18. Rb2 Ne4 19. Qb3 Rb8 20. Bf4 Nd6 21. c5
Qf5 22. Bh2 Ne8 23. Rfb1 b5 24. cxb6 Rxb6 25. Qc4 Qxb1+ 26. Rxb1 Rxb1+ 27. Bf1
Bf5 28. Nd2 Rd1 29. Qe2 Rc1 30. Qf3+ Kb8 31. Nb3 Re1 32. Nc5 Rb1 33. Nxa6+ Kc8
34. Qa8+ Kd7 35. Nc5+ Ke7 36. Qxa7 Rh6 37. Bxc7 Nxc7 38. Qxc7+ Kf6 39. Nd7+ Kg6
40. Ne5+ Kh7 41. Qxf7 1-0

[Event "Campeonato Navarro Absoluto Individual Fase Final"]
[Site "Residencia Fuerte del Príncipe"]
[Date "2016.03.05"]
[Round "1"]
[Board "11"]
[White "Roviralta Montero, Axel"]
[Black "Marin Salvador, Ruben"]
[Result "0-1"]
[WhiteElo "1952"]
[BlackElo "1692"]
[PlyCount "69"]
[EventDate "2016.03.05"]
[EventRounds "8"]
[EventCountry "ESP"]

1. e4 e6 2. d4 d5 3. e5 c5 4. c3 Nc6 5. Nf3 Bd7 6. a4 cxd4 7. cxd4 Qb6 8. Bb5
Nge7 9. Nc3 a6 10. a5 Qc7 11. O-O Ng6 12. Bxc6 Bxc6 13. Qb3 Be7 14. Bd2 O-O 15.
Rfc1 Qd7 16. Na4 Bxa4 17. Rxa4 Rfc8 18. Raa1 Bd8 19. Ne1 Rxc1 20. Rxc1 Rc8 21.
Rxc8 Qxc8 22. Nd3 Qc6 23. Nc5 b5 24. axb6 Qxb6 25. Qa4 Qxb2 26. Qe8+ Nf8 27. g3
Qxd2 28. Qxd8 Qxd4 29. Nd7 Qb4 30. h4 a5 31. h5 h6 32. Qa8 a4 33. f4 a3 34. Kg2
a2 35. Kh3 0-1

[Event "Campeonato Navarro Absoluto Individual Fase Final"]
[Site "Residencia Fuerte del Príncipe"]
[Date "2016.03.05"]
[Round "1"]
[Board "12"]
[White "Donazar Garayoa, Miguel"]
[Black "Cemborain Oricain, Alfonso"]
[Result "0-1"]
[WhiteElo "1675"]
[BlackElo "1951"]
[PlyCount "59"]
[EventDate "2016.03.05"]
[EventRounds "8"]
[EventCountry "ESP"]

1. e4 Nf6 2. e5 Nd5 3. d4 d6 4. f4 Bf5 5. Bd3 Qd7 6. c3 Nc6 7. Na3 dxe5 8. fxe5
Bxd3 9. Qxd3 O-O-O 10. Qh3 e6 11. Nc2 Nde7 12. Nf3 h6 13. Bd2 Rg8 14. O-O-O g5
15. g4 Ng6 16. Qg3 Nce7 17. Nce1 Qa4 18. a3 Nd5 19. Nd3 Nb6 20. Kb1 Qb5 21. Nb4
a5 22. Nc2 Na4 23. b4 Qc4 24. Na1 Nxc3+ 25. Bxc3 Qxc3 26. Ne1 axb4 27. Rd3 Qc6
28. Rf1 Nf4 29. Rd2 bxa3 30. Rc2 0-1

[Event "Campeonato Navarro Absoluto Individual Fase Final"]
[Site "Residencia Fuerte del Príncipe"]
[Date "2016.03.05"]
[Round "1"]
[Board "13"]
[White "Sola Plaza, Gregorio"]
[Black "Pedchenko, Alex"]
[Result "1-0"]
[WhiteElo "1945"]
[BlackElo "1674"]
[PlyCount "97"]
[EventDate "2016.03.05"]
[EventRounds "8"]
[EventCountry "ESP"]

1. d4 Nf6 2. c4 d6 3. Nc3 g6 4. e4 Bg7 5. Be2 Nc6 6. Bg5 h6 7. Be3 e5 8. d5 Ne7
9. c5 a6 10. Rc1 Bd7 11. Qb3 Qb8 12. cxd6 cxd6 13. a4 O-O 14. a5 Ne8 15. Nf3 f5
16. Nd2 f4 17. Bb6 Nc8 18. Nc4 Rf7 19. O-O h5 20. f3 g5 21. h3 Nf6 22. Nb1 g4
23. Kh2 g3+ 24. Kh1 Ne8 25. Qc2 Bf8 26. Rfd1 Rg7 27. b4 Na7 28. Nba3 Nf6 29.
Bg1 Qe8 30. Nb6 Bxh3 31. Nxa8 Bxg2+ 32. Kxg2 h4 33. Kf1 Qxa8 34. Ke1 h3 35. Kd2
h2 36. Bxh2 gxh2 37. Rf1 Rg2 38. Qc7 Nb5 39. Nxb5 axb5 40. Qb6 Qa6 41. Qd8 Qa7
42. Qb6 Qxb6 43. axb6 Nd7 44. Rh1 Nxb6 45. Ke1 Rg1+ 46. Kf2 Rxc1 47. Rxc1 Be7
48. Kg2 Bd8 49. Bxb5 1-0

[Event "Campeonato Navarro Absoluto Individual Fase Final"]
[Site "Residencia Fuerte del Príncipe"]
[Date "2016.03.05"]
[Round "1"]
[Board "14"]
[White "Ortega Villa, Alex"]
[Black "Aguinaga Ruiz, Jesus Luis"]
[Result "1/2-1/2"]
[WhiteElo "1639"]
[BlackElo "1944"]
[PlyCount "81"]
[EventDate "2016.03.05"]
[EventRounds "8"]
[EventCountry "ESP"]

1. e4 Nc6 2. d4 d5 3. Nc3 e6 4. Nf3 Nf6 5. Bd3 Bb4 6. O-O Bxc3 7. exd5 Nxd4 8.
dxe6 Nxf3+ 9. Qxf3 Bb4 10. exf7+ Kxf7 11. Bc4+ Kf8 12. h3 Qd4 13. Qb3 Bd6 14.
Be3 Qe5 15. f4 Qh5 16. Bd4 b6 17. Rae1 Bc5 18. Bxc5+ Qxc5+ 19. Kh1 Bb7 20. Re5
Qc6 21. Rf2 a6 22. Rd2 Ne4 23. Qb4+ Nd6 24. Bd5 Qc5 25. Qb3 Bxd5 26. Rdxd5 Qc4
27. Qf3 Kf7 28. Qg4 Rhe8 29. Qd7+ Kg8 30. Rg5 Qf1+ 31. Kh2 Qxf4+ 32. Rg3 Qf7
33. Qg4 Re4 34. Qd1 Qf4 35. Rdg5 Rf8 36. Rxg7+ Kh8 37. Qh5 Qf5 38. R3g5 Qf4+
39. Rg3 Qf5 40. R3g5 Qf4+ 41. Rg3 1/2-1/2

[Event "Campeonato Navarro Absoluto Individual Fase Final"]
[Site "Residencia Fuerte del Príncipe"]
[Date "2016.03.05"]
[Round "1"]
[Board "15"]
[White "Ruiz Escobar, Rafael"]
[Black "Arrese-Igor Royuela, Alex"]
[Result "1-0"]
[WhiteElo "1912"]
[BlackElo "1638"]
[PlyCount "77"]
[EventDate "2016.03.05"]
[EventRounds "8"]
[EventCountry "ESP"]

1. Nf3 Nf6 2. d4 d5 3. c4 e6 4. Nc3 c6 5. cxd5 exd5 6. Bg5 Bf5 7. e3 Be7 8. Bd3
Ne4 9. Bxe4 dxe4 10. Bxe7 Qxe7 11. Nd2 Bg6 12. O-O O-O 13. b4 f5 14. Qb3+ Bf7
15. Qb2 Nd7 16. g3 Nf6 17. a3 Bh5 18. Rac1 Qe8 19. Kg2 g5 20. h3 Qg6 21. Rg1 f4
22. gxf4 Bf3+ 23. Nxf3 exf3+ 24. Kh2 h6 25. fxg5 hxg5 26. Rxg5 Qxg5 27. Rg1
Qxg1+ 28. Kxg1 Kh8 29. d5 Rg8+ 30. Kh1 Kh7 31. dxc6 bxc6 32. Qc2+ Rg6 33. Qf5
Nd5 34. Ne4 Rag8 35. Qxf3 Rh6 36. Kh2 Rgg6 37. Qf7+ Rg7 38. Ng5+ Kh8 39. Qf8+
 1-0

[Event "Campeonato Navarro Absoluto Individual Fase Final"]
[Site "Residencia Fuerte del Príncipe"]
[Date "2016.03.05"]
[Round "1"]
[Board "17"]
[White "Hernandez Barricarte, Miguel A"]
[Black "Sancinena Arpide, Juan"]
[Result "1-0"]
[WhiteElo "1898"]
[BlackElo "1605"]
[PlyCount "77"]
[EventDate "2016.03.05"]
[EventRounds "8"]
[EventCountry "ESP"]

1. d4 d5 2. c4 e6 3. Nf3 Nf6 4. g3 dxc4 5. Bg2 Be7 6. Qa4+ Bd7 7. Qxc4 Bc6 8.
O-O Nbd7 9. Nc3 O-O 10. Qd3 Nd5 11. e4 Nxc3 12. bxc3 Nc5 13. Qe3 Nxe4 14. Ne5
Nf6 15. Nxc6 bxc6 16. Bxc6 Nd5 17. Qf3 Rb8 18. Ba4 c5 19. dxc5 Nxc3 20. Bb3 Bf6
21. Bb2 Qd2 22. Bxc3 Qxc3 23. Qxc3 Bxc3 24. Rac1 Bd4 25. Rc4 e5 26. Rfc1 Rfc8
27. Kg2 Kf8 28. f4 f6 29. fxe5 fxe5 30. Kf3 Ke7 31. Ke4 Rf8 32. Ra4 Rb7 33. Ra6
Rc7 34. Re6+ Kd7 35. c6+ Kd8 36. Rd1 Kc8 37. Bc4 Rcf7 38. Rb1 Rc7 39. Ba6+ 1-0

[Event "Campeonato Navarro Absoluto Individual Fase Final"]
[Site "Residencia Fuerte del Príncipe"]
[Date "2016.03.05"]
[Round "1"]
[Board "18"]
[White "Sola Garate, Roberto"]
[Black "Lizuain Toni, Javier"]
[Result "0-1"]
[WhiteElo "1595"]
[BlackElo "1840"]
[PlyCount "53"]
[EventDate "2016.03.05"]
[EventRounds "8"]
[EventCountry "ESP"]

1. e4 e5 2. Nf3 Nc6 3. Bb5 a6 4. Ba4 Nf6 5. O-O b5 6. Bb3 Be7 7. Re1 O-O 8. c3
Bb7 9. d4 d6 10. Nbd2 Re8 11. Ng5 Rf8 12. Ngf3 h6 13. Bc2 Re8 14. Nf1 Bf8 15.
Ng3 exd4 16. cxd4 Nb4 17. Bb1 g6 18. Bf4 Bg7 19. Qc1 Kh7 20. a3 Nc6 21. h4 Ng4
22. Ne2 Na5 23. Nd2 Qxh4 24. Bg3 Qd8 25. Qc2 Rc8 26. Ba2 Qd7 27. b4 0-1

[Event "Campeonato Navarro Absoluto Individual Fase Final"]
[Site "Residencia Fuerte del Príncipe"]
[Date "2016.03.05"]
[Round "1"]
[Board "19"]
[White "Rodriguez Montes, Sostenes"]
[Black "Malon Insausti, Andres"]
[Result "1/2-1/2"]
[WhiteElo "1815"]
[BlackElo "1566"]
[PlyCount "65"]
[EventDate "2016.03.05"]
[EventRounds "8"]
[EventCountry "ESP"]

1. e4 c5 2. Nc3 e6 3. g3 Nc6 4. Bg2 Qc7 5. d3 Nf6 6. Nf3 Be7 7. O-O a6 8. a4 a5
9. Nb5 Qb8 10. e5 Nd5 11. c4 Ndb4 12. Re1 O-O 13. b3 b6 14. Bb2 Bb7 15. Qd2 Rd8
16. Rad1 d5 17. exd6 Bxd6 18. Nxd6 Qxd6 19. Qg5 Qf8 20. d4 Nc2 21. Re2 N2xd4
22. Nxd4 Nxd4 23. Red2 Bxg2 24. Kxg2 Nc6 25. Rxd8 Rxd8 26. Rxd8 Nxd8 27. Qe5
Nc6 28. Qc7 Qa8 29. f3 Qd8 30. Qxc6 Qd2+ 31. Kh3 Qh6+ 32. Kg2 Qd2+ 33. Kf1
 1/2-1/2

[Event "Campeonato Navarro Absoluto Individual Fase Final"]
[Site "Residencia Fuerte del Príncipe"]
[Date "2016.03.05"]
[Round "1"]
[Board "20"]
[White "Monroy Ostivar, Alejandro"]
[Black "Guzman Villanueva, Bernardo"]
[Result "1-0"]
[WhiteElo "1412"]
[BlackElo "1800"]
[PlyCount "83"]
[EventDate "2016.03.05"]
[EventRounds "8"]
[EventCountry "ESP"]

1. e4 c5 2. Nf3 d6 3. d4 cxd4 4. Nxd4 Nf6 5. Nc3 g6 6. Bd3 Bg7 7. Be3 O-O 8.
Qd2 Nc6 9. Nxc6 bxc6 10. O-O-O Rb8 11. Kb1 c5 12. f3 Qb6 13. b3 a5 14. Na4 Qc7
15. Nb2 Bd7 16. Nc4 a4 17. Nb2 Ne8 18. Bh6 axb3 19. cxb3 Qa7 20. Bxg7 Nxg7 21.
Nc4 Ne6 22. Qa5 Qxa5 23. Nxa5 Bb5 24. Bxb5 Rxb5 25. Nc4 Nf4 26. Rd2 Ra8 27. g3
Ne6 28. Rd3 Nd4 29. e5 d5 30. Ne3 e6 31. Nd1 Nc6 32. Rc3 Nxe5 33. f4 d4 34. Rc2
Nc4 35. Rxc4 Ra3 36. Nf2 Rba5 37. Rc2 f5 38. Nd3 c4 39. Ne5 cxb3 40. Rc8+ Kg7
41. Nc4 bxa2+ 42. Ka1 1-0

[Event "Campeonato Navarro Absoluto Individual Fase Final"]
[Site "Residencia Fuerte del Príncipe"]
[Date "2016.03.05"]
[Round "1"]
[Board "21"]
[White "Alfonso Abrego, Santiago"]
[Black "Fuertes Cirauqui, Pablo"]
[Result "1-0"]
[WhiteElo "1797"]
[BlackElo "1305"]
[PlyCount "55"]
[EventDate "2016.03.05"]
[EventRounds "8"]
[EventCountry "ESP"]

1. e4 e6 2. d4 d5 3. Nc3 Nf6 4. e5 Nfd7 5. f4 c5 6. Nf3 Nc6 7. Be3 cxd4 8. Nxd4
Bc5 9. Bb5 Qb6 10. Na4 Qc7 11. Qd2 a6 12. Bxc6 bxc6 13. Nxe6 fxe6 14. Nxc5 Nxc5
15. Bxc5 Qd8 16. O-O Rb8 17. c3 Qa5 18. b4 Qb5 19. a4 Qc4 20. a5 Bb7 21. f5 Bc8
22. Qg5 Rb7 23. f6 gxf6 24. Rxf6 Qxc3 25. Raf1 h6 26. Rf8+ Rxf8 27. Rxf8+ Kd7
28. Qe7# 1-0

[Event "Campeonato Navarro Absoluto Individual Fase Final"]
[Site "Residencia Fuerte del Príncipe"]
[Date "2016.03.12"]
[Round "2"]
[Board "1"]
[White "Ruiz Escobar, Rafael"]
[Black "Ortega Lopez, Mikel"]
[Result "0-1"]
[WhiteElo "1912"]
[BlackElo "2332"]
[PlyCount "56"]
[EventDate "2016.03.05"]
[EventRounds "8"]
[EventCountry "ESP"]

1. d4 Nf6 2. Nf3 c5 3. c4 cxd4 4. Nxd4 e5 5. Nb5 d5 6. cxd5 Bc5 7. e3 O-O 8.
N5c3 Bf5 9. Be2 e4 10. g4 Bg6 11. g5 Nfd7 12. h4 Ne5 13. Nd2 Bb4 14. Qb3 Na6
15. Kf1 Bxc3 16. Qxc3 Qxd5 17. Nb3 Nd3 18. Qd4 Qe6 19. Qa4 Nac5 20. Nxc5 Nxc5
21. Qb5 Rac8 22. Bd2 Nd3 23. Bc3 Rfd8 24. Qxb7 Bf5 25. Rh2 Bg4 26. Qb3 Bxe2+
27. Kxe2 Qa6 28. Qa3 Nf4+ 0-1

[Event "Campeonato Navarro Absoluto Individual Fase Final"]
[Site "Residencia Fuerte del Príncipe"]
[Date "2016.03.12"]
[Round "2"]
[Board "2"]
[White "Lerendegui Lasa, Odei"]
[Black "Roldan Marques, Daniel"]
[Result "0-1"]
[WhiteElo "1908"]
[BlackElo "2168"]
[PlyCount "138"]
[EventDate "2016.03.05"]
[EventRounds "8"]
[EventCountry "ESP"]

1. e4 e5 2. Nf3 Nc6 3. Bc4 Bc5 4. c3 Nf6 5. d4 exd4 6. cxd4 Bb4+ 7. Bd2 Bxd2+
8. Nbxd2 d5 9. exd5 Nxd5 10. O-O O-O 11. h3 Nb6 12. d5 Nb4 13. Qb3 N4xd5 14.
Rfe1 Nf4 15. Rad1 Qf6 16. Ne4 Qg6 17. Ng3 Nxc4 18. Qxc4 Qf6 19. Ne5 c6 20. Qb4
Nd5 21. Qd2 Be6 22. Nh5 Qh4 23. Ng3 Rad8 24. Nf3 Qf6 25. Qd4 Qh6 26. Re4 f5 27.
Rh4 Qg6 28. Rh5 Nf4 29. Qxd8 Nxh5 30. Nh4 Qf7 31. Qg5 Nxg3 32. Qxg3 Bxa2 33.
Nf3 f4 34. Qg5 Bd5 35. Re1 Bxf3 36. Re7 Qg6 37. Qxg6 hxg6 38. gxf3 Rf7 39. Re8+
Kh7 40. Kf1 g5 41. Ke2 Rd7 42. Re6 Kg8 43. Re5 Rd5 44. Re4 Kf7 45. h4 Kf6 46.
hxg5+ Kxg5 47. Re7 Rb5 48. Rxg7+ Kf6 49. Rg8 Rxb2+ 50. Kd3 Rb4 51. Rf8+ Ke7 52.
Rf5 Ke6 53. Rf8 a5 54. Kc3 c5 55. Re8+ Kd7 56. Ra8 b6 57. Ra7+ Kc6 58. Rf7 a4
59. Kc2 a3 60. Ra7 Rb2+ 61. Kd3 Rxf2 62. Ke4 a2 63. Kxf4 b5 64. Ke3 Rh2 65. f4
b4 66. f5 b3 67. f6 Rh8 68. f7 b2 69. f8=Q Rxf8 0-1

[Event "Campeonato Navarro Absoluto Individual Fase Final"]
[Site "Residencia Fuerte del Príncipe"]
[Date "2016.03.12"]
[Round "2"]
[Board "3"]
[White "Urriza Iricibar, Pablo"]
[Black "Hernandez Barricarte, Miguel A"]
[Result "0-1"]
[WhiteElo "2149"]
[BlackElo "1898"]
[PlyCount "108"]
[EventDate "2016.03.05"]
[EventRounds "8"]
[EventCountry "ESP"]

1. e4 e6 2. d4 d5 3. Nd2 c5 4. exd5 Qxd5 5. Ngf3 cxd4 6. Bc4 Qd6 7. Qe2 Nf6 8.
Nb3 Nc6 9. Bg5 a6 10. O-O-O b5 11. Bd3 Be7 12. Nfxd4 Nxd4 13. Nxd4 Qd5 14. Bxf6
Bxf6 15. Kb1 Bb7 16. Nxb5 Ke7 17. Nc7 Qc5 18. Nxa8 Bxg2 19. Rhg1 Rb8 20. c3
Qxc3 21. Rd2 Bf3 22. Bb5 Bxe2 23. Rd7+ Kf8 24. bxc3 Bxb5 25. Rc7 Bc6+ 26. Kc2
Bxa8 27. Rg4 g6 28. Rgc4 Bd5 29. Rc8+ Rxc8 30. Rxc8+ Ke7 31. Rc7+ Ke8 32. c4
Be4+ 33. Kd2 Be5 34. Ra7 Bxh2 35. Rxa6 Bf4+ 36. Ke2 h5 37. f3 Bb7 38. Rb6 Bc8
39. a4 Bc7 40. Rb1 h4 41. c5 Kd7 42. Kd3 h3 43. Ke3 g5 44. Kf2 f5 45. Rg1 Bf4
46. a5 Bb7 47. Rb1 Ba8 48. Rd1+ Kc7 49. a6 g4 50. a7 Bxf3 51. c6 Bxc6 52. Rd4
g3+ 53. Ke2 h2 54. Rc4 Kb7 0-1